Statistics for Name the country- Level 3

Click here to take the quiz!

General Stats

  • This quiz has been taken 17 times
  • The average score is 14 of 20

Answer Stats

Answer% Correct
Qatar
100%
Denmark
92%
Finland
92%
Kosovo
92%
North Korea
92%
Ukraine
92%
Venezuela
92%
Cuba
85%
Bulgaria
77%
Poland
77%
Syria
77%
Hungary
69%
Uganda
69%
Federated States of Micronesia
62%
Somalia
62%
Jordan
46%
Madagascar
46%
Yemen
46%
Bolivia
23%
Luxemborg
0%

Score Distribution

Percentile by Number Answered

Percent of People with Each Score

Your Score History

You have not taken this quiz